| 000 | 00590nam a2200169 a 4500 | ||
|---|---|---|---|
| 001 | 000044004 | ||
| 005 | 20201002045103.0 | ||
| 008 | 140513s1977 sp 000 0 spa d | ||
| 020 | _a8470800256 | ||
| 040 |
_aDO-SdBNP _bspa _cBNPHU |
||
| 082 |
_axxxx _bxxxx |
||
| 100 | 1 |
_aGómez Pin, Víctor, _d1944- _923634 |
|
| 245 | 1 | 0 |
_aExploración de la alteridad : _blo escindido y lo entero en la lógica hegeliana / _cVíctor Gómez Pin. |
| 260 |
_aBarcelona : _bLa Gaya Ciencia, _c1977. |
||
| 300 |
_a157 p. ; _c22 cm. |
||
| 500 | _aIncluye referencias bibliográficas y notas al pie de las páginas | ||
| 999 |
_c43493 _d43493 |
||